MARC

LEADER 00000nam0a2200000 4500
001 257363
005 20231101233209.0
020 |a RU  |b 87-42812ж 
035 |a (RuTPU)RU\TPU\book\280159 
090 |a 257363 
100 |a 20140416d1986 k y0rusy5003 ca 
101 0 |a rus 
102 |a RU 
105 |a a z 001zy 
200 1 |a Методы повышения нефтеотдачи пластов  |e сборник научных трудов  |f Всесоюзный нефтегазовый научно-исследовательский институт (ВНИИ) ; под ред. М. Л. Сургучев , С. А. Жданова 
210 |a Москва  |c Изд-во ВНИИ  |d 1986 
215 |a 219 с.  |c ил. 
225 1 |a Труды Всесоюзного нефтегазового научно-исследовательского института (ВНИИ)  |x 0132-9243  |v Вып. 96 
320 |a Библиогр. в конце ст. 
606 1 |a Нефтяные пласты  |x Нефтеотдача  |x Прогноз  |2 stltpush  |3 (RuTPU)RU\TPU\subj\45993  |9 65181 
610 1 |a промысловые испытания 
610 1 |a исследования 
610 1 |a фильтрация 
610 1 |a коллекторские свойства 
610 1 |a предельные значения 
610 1 |a внутрипластовое горение 
610 1 |a фазовые проницаемости 
610 1 |a сборники 
675 |a 622.276.6  |z rus  |v 3 
702 1 |a Сургучев  |b М. Л.  |g Михаил Леонтьевич  |4 340 
702 1 |a Жданов  |b С. А.  |4 340 
712 0 2 |a Всесоюзный нефтегазовый научно-исследовательский институт (ВНИИ)  |c (Москва)  |c (1953-1987)  |2 stltpush  |3 (RuTPU)RU\TPU\col\11487 
801 0 |a RU  |b RuMRKP  |c 19950417  |g psbo 
801 1 |a RU  |b 63413507  |c 20140416 
801 2 |a RU  |b 63413507  |c 20221005  |g RCR 
942 |c BK